| 000 | 00436nam a2200145Ia 4500 | ||
|---|---|---|---|
| 008 | 210719s1965 xx 000 0 und d | ||
| 041 | _aeng | ||
| 082 | _a320.973 HAVC | ||
| 100 | _aHAVENS (Murray Clark) | ||
| 245 | _aChallenges to democracy: consensus and extremism in american politics. | ||
| 260 |
_aCalcutta _bScientific Book Agency _c1965 |
||
| 300 |
_axi,119 _bHB |
||
| 365 |
_b3 _cRs |
||
| 650 | _aPolitical Situation & Condition | ||
| 999 |
_c212718 _d212718 |
||